000 01260nam a22002417a 4500
999 _c64070
_d64070
003 Ge_BSU
005 20260320155838.0
008 260320b xxu||||| |||| 00| 0 geo d
020 _a9789941128455
041 _ageo
080 _a339.542 ჭ-97
100 _aჭყონია, დავით
_91926
245 _a"ინკოტერმს 2000" :
_b სავაჭრო ტერმინთა განმარტების საერთაშორისო წესები /
_cდავით ჭყონია, გოჩა კამკია; [რედ. ზურაბ ძლიერიშვილი].
264 _aთბ. :
_bუნივერსალი,
_c2010.
300 _a202გვ. ;
_b20სმ.
520 _aრეზ. ინგლ., რუს. და თურქ.
653 _aსაერთაშორისო ვაჭრობა
653 _aსაგარეო-სავაჭრო ხელშეკრულებები
653 _aსაბაჟო პოლიტიკა
700 _aკამკია, გოჩა
_eავტორი
_927172
700 _aძლიერიშვილი, ზურაბ
_eრედაქტორი
_98152
942 _2udc
_cᲬᲘᲒᲜᲘ